Ética y deontología /
Guardado en:
| Autor Principal: | |
|---|---|
| Formato: | Libro |
| Idioma: | Undetermined |
| Publicado: |
Salta :
Universidad Nacional de Salta,
2001.
|
| Materias: | |
| Etiquetas: |
Agregar Etiqueta
Sin Etiquetas, Sea el primero en etiquetar este registro!
|
| LEADER | 00435nam a22001455a 4500 | ||
|---|---|---|---|
| 001 | DER.der015712 | ||
| 008 | 260320s2001####xx############000#0#und#d | ||
| 005 | 20260320182102.0 | ||
| 245 | 1 | 0 | |a Ética y deontología / |c Gustavo Enrique Wierna. |
| 260 | |a Salta : |b Universidad Nacional de Salta, |c 2001. | ||
| 300 | |a 170 p. | ||
| 100 | 1 | |a Wierna, Gustavo Enrique. | |
| 650 | 7 | |a ÉTICA | |
| 650 | 7 | |a DEONTOLOGÍA | |
| 859 | |a DERECHO |b BIB. DERECHO |h 174 |i WEI |p 0010798 | ||
